Best Musicals with No MUSIC Quiz Stats

 Plays Quiz Updated Mar 10, 2019

Score 0/40 Timer 06:00
1 Play Today
Hint Musical % Correct
THE LON KNGThe Lion King
90.3%
THE PHANTO OF HE OPERAThe Phantom of the Opera
89.3%
Y FAR LADYMy Fair Lady
88.8%
HARPRAYHairspray
88.6%
JEREY BOYJersey Boys
86.8%
GY AND DOLLGuys and Dolls
86.7%
THE KNG AND The King and I
86.4%
THE BOOK OF ORONThe Book of Mormon
85.9%
LE ERABLELes Misérables
85.6%
THE WZThe Wiz
85.6%
EVTAEvita
85.4%
ANNEAnnie
85.3%
AVENE QAvenue Q
84.1%
BG RVERBig River
79.3%
A HOR LNEA Chorus Line
78.2%
HALTONHamilton
76.9%
K E KATEKiss Me, Kate
75.4%
TY OF ANGELCity of Angels
73.6%
THE PRODERThe Producers
73.4%
THOROGHLY ODERN LLEThoroughly Modern Millie
72.6%
Hint Musical % Correct
N THE HEGHTIn the Heights
72.2%
NET BOLEVARDSunset Boulevard
71.4%
PAALOTSpamalot
68%
OPANYCompany
67.6%
K OF THE PDER WOANKiss of the Spider Woman
59.4%
ANT BEHAVNAin't Misbehavin'
57.8%
ATCats
55.8%
THE OND OFThe Sound of Music
55.2%
NNENine
50.3%
TTANTitanic
49.8%
OTH PAFSouth Pacific
41.8%
ONEOnce
35.9%
FN HOEFun Home
30.9%
THE ANThe Music Man
29.7%
ONTATContact
23.4%
KETKismet
20.4%
FOEFosse
15.3%
PAONPassion
13.5%
EPHMemphis
11.5%
RANRaisin
3.8%

You're not logged in!

Compare scores with friends on all Sporcle quizzes.
OR
Log In

Sporcle TV

Today on Sporcle TV


Watch our educational content, quiz creation guides, and fun videos on Sporcle TV.

Show Comments

Extras

Top Quizzes Today


Score Distribution

Your Account Isn't Verified!

In order to create a playlist on Sporcle, you need to verify the email address you used during registration. Go to your Sporcle Settings to finish the process.

Report this User

Report this user for behavior that violates our Community Guidelines.

Details: